00778 2200253 4500001002100000005001700021008004100038020001800079035002400097082001100121090002300132100001200155245012300167260002700290300003000317500004900347500002700396650001800423700002500441850001600466980001400482985000600496999002200502YOGYA-0209000004542220090227030903.0 ind  a979-763-159-1 0010-020900000045422 a808.02 a808.02bJas KlDEP aJASMADI aKiat menjadi penulis buku profesionalbstudi kasus menulis buku komputer populercJasmadi; editor, Dhewiberta Hardjono aYogyakartabAndic2006 axii, 132 hlmbilusc21 cm aDiterbitkan kerjasama dengan deli publishing aBibliografi : hlm. 123 aKepengarangan aHardjono, Dhewiberta aYOPDYOG (M) a18-6-2007 a1 aCB-D.11 2006-024h